=LDR 00000nam 2200000 4500 =001 NUTBA000000000005402 =005 20141029111234.0 =006 =007 =008 =020 ##$$a 978-979-050-269-7 =035 ##$$a 0010-101400000000632 =040 ##$$a NBPDMAT =082 ##$$a R.912.598 18 =090 ##$$a R.912.598 18 $b Mah a =100 ##$$a Mahyuzar =245 ##$$a Atlas Tematik untuk Pelajar dan Umum Provinsi Lampung/ $c Mahyuzar; Editor Sunardi =250 ##$$a Cet.1 =260 ##$$a Jakarta : $b Bina Sumber Daya MIPA, $c 2011 =300 ##$$a vi, 58 hlm.: $b ilus.; $c 28 cm =650 ##$$a Atlas Tematik Lampung =700 ##$$a Sunardi =850 ##$$a NBPDMAT